| 000 | 00838nam a22002417a 4500 | ||
|---|---|---|---|
| 999 |
_c10599 _d10599 |
||
| 003 | AR-CdUCM | ||
| 008 | 190401b ||||| |||| 00| 0 spa d | ||
| 040 |
_aMUNICIPALIDAD PROVINCIAL DEL CUSCO _cBIBLIOTECA MUNICIPAL DEL CUSCO |
||
| 082 |
_aC / 869.56 / _bAL39 |
||
| 100 |
_aAlencastre Gutiérrez, Andrés _916462 |
||
| 245 |
_aTaki ruru / _cKilku Warak'a (seudónimo) |
||
| 260 |
_aCuzco : _bH. G. Rozas, _c1964. |
||
| 300 |
_a75 páginas ; _bIlustraciones, _c33 cm. |
||
| 500 | _aTexto en Quechua y Español. | ||
| 505 | _aContenido: Poesías en Quechua. | ||
| 650 |
_aPoesías quechuas _97576 |
||
| 650 |
_aLiteratura quechua _97789 |
||
| 650 |
_aSiglo XX _98 |
||
| 700 |
_aFuentes Lira, Mariano (ilustrador) _927556 |
||
| 710 |
_aUniversidad Nacional de San Antonio Abad del Cusco _915942 |
||
| 942 |
_2ddc _cLIBROS |
||
| 945 | _aacv | ||